Compilé ou interprété : programmation - Statistiques

Statistiques générales
  • Ce quiz a été pris 30 fois
  • Le résultat moyen est 9 sur 18
Statistiques - réponses
Hint Réponse % Correct
C Compilé
83%
C++ Compilé
78%
Python Interprété
74%
Objective-C Compilé
70%
Fortran Compilé
70%
JavaScript Interprété
65%
Swift Compilé
61%
PHP Interprété
61%
Bash Interprété
57%
Go Compilé
52%
Ada Compilé
52%
Perl Interprété
52%
R Interprété
43%
Rush Compilé
35%
Ruby Interprété
30%
Java Autre
17%
C# Autre
9%
TypeScript Autre
9%
Aucun quiz correspondant
Distribution des résultats
% des personnes avec chaque résultat
Percentile par nombre de réponses
Votre historique - résultats
Vous n’avez pas pris ce quiz